000
00299nam a22001337a 4500
008
170620b xxu||||| |||| 00| 0 eng d
020
_a
0871874091
041
_a
eng
080
_a
94
100
_a
16
101
_a
SHH
245
_a
THE WAR EVERYONE LOST- AND WON
_c
LOMPERIS,T.J
942
_2
udc
_c
BK
999
_c
18258
_d
18258